000 01619cam a2200325 4500
002 7803
008 031028n2004 000 0 eng u
020 _a085308890X
035 _a(Sirsi) u124094
041 _aeng
050 _a346.41043
_c18
100 _aHarpum, Charles
245 _aRegistered land
_blaw and practice under the Land Registration Act 2002
260 _aBristol
_bJordans
_c2004
300 _al, 724p.
_c26cm.
350 _a75
520 _aProvides an authoritative account of the law and practice relating to the new land registration regime (introduced by the Land Registration Act 2002 and the Land Registration Rules 2003), including the practice of the Land Registry as set out in over 50 practice guides. Discusses the key changes and issues under the following headings: first registration; dealings with registered land; registration and the register; conveyancing; electronic conveyancing; adverse possession; adjudication and offences; and the Land Registry. Appendices include the full text of statutory material and various statutory forms. Tables of cases and statutory material.
650 _aREGISTERED LAND
650 _aECONVEYANCING
650 _aCONVEYANCING
650 _aMANAGEMENT-DISPUTE AVOIDANCE, MANAGEMENT AND RESOLUTION-DISPUTE MANAGEMENT AND RESOLUTION-ALTERNATIVE DISPUTE RESOLUTION-ADJUDICATION
650 _aHM LAND REGISTRY
650 _aLAND REGISTRATION
650 _aLAND REGISTRATION ACT 2002
650 _aLAND REGISTRATION RULES 2003
650 _aADVERSE POSSESSION
690 _aPROPERTY
700 _aBignell, Janet
942 _n0
999 _c103143
_d103143